000 00486nam a2200181 i 4500
001 63419
003 ES-MaACL
005 20230906164847.0
007 t|
008 031210s1972 sp ||||1| spa d
100 1 _aFerrer, Alejandro.
_950404
245 1 3 _aLa energía nuclear /
_cAlejandro Ferrer.
250 _a[1ª ed.].
260 _aBarcelona :
_bBruguera,
_c[1972]
300 _a217 p. ;
_c18 cm.
650 4 _aEnergía nuclear.
_912254
852 _aES-MaACL
_jC-45502
_bR.83723
999 _c63419
_d63419